| 000 | 00512nam a22001937a 4500 | ||
|---|---|---|---|
| 003 | MPLRDC | ||
| 005 | 20220104161841.0 | ||
| 008 | 210129b ||||| |||| 00| 0 eng d | ||
| 020 | _a7-5301-1666-5 | ||
| 082 | _a521.16 XCZ | ||
| 100 | _a新成长阅读指导委员会主编 | ||
| 245 |
_a每天进步一点点 _c |
||
| 250 | _a一版一刷 | ||
| 260 |
_a中国 _b北京少年儿童出版社 _c2006 |
||
| 300 | _b平 | ||
| 490 | _a读故事 懂道理 | ||
| 650 | _a学习方法 | ||
| 942 |
_cBK _o521.16 XCZ |
||
| 999 |
_c55684 _d55674 |
||